| 000 | 00950nam a22002897a 4500 | ||
|---|---|---|---|
| 001 | BR2013009092 | ||
| 003 | BR-BrBNA | ||
| 005 | 20230928104317.0 | ||
| 007 | ta | ||
| 008 | 230509b bl.||||| |||| 00| 0 por d | ||
| 040 |
_aBR-BrBNA _bpor _cBiblioteca Nacional de Agricultura |
||
| 041 | _a(Por) | ||
| 072 |
_aQ02 _b9923 |
||
| 090 | _ 9923 BR2013009092 | ||
| 110 | 1 |
_aSindicato Nacional da Indústria da Cerveja, Brasília, DF (Brasil) _99545 |
|
| 245 | 1 | _aCerveja é a bebida obtida pela fermentação alcoólica do mosto cervejeiro oriundo do malte de cevada e água potável, por açõa da levedura, com adição de lúpulo | |
| 260 | 3 |
_aBrasília, DF (Brasil): _c2001. |
|
| 300 | _a84 p. | ||
| 500 | _a12 ref.; Summary (Por); 5 illus.; 3 tables | ||
| 650 | _aCERVEJA | ||
| 650 | _aBEBIDA ALCOOLICA | ||
| 650 | _aHISTÓRIA | ||
| 650 | _aPESQUISA | ||
| 650 | _aPROCESSAMENTO | ||
| 909 |
_a202309 _bLucia _c55 _dLucia Elande |
||
| 942 | _cBK | ||
| 999 |
_c79226 _d79226 |
||